000
00253nam a2200097Ia 4500
001
834461
005
20250826172434.0
008
250824s9999 xx 000 0 und d
245
0
_a
SAKLIKÖYÜN KUŞÇUSU
_c
KADRİ ÖZTOPÇU
260
_b
GÜNIŞIĞI YAYINLARI
999
_c
834461
_d
834461